[Event "Moscow op-B (Women)"]
[Site "Moscow"]
[Date "2016.02.07"]
[Round "9"]
[White "Akulova, Taisiya"]
[Black "Alekseeva, Nariya"]
[Result "1-0"]
[WhiteElo "1559"]
[BlackElo "1756"]
[PlyCount "89"]
[EventDate "2016.01.30"]
[EventType "swiss"]
[EventRounds "9"]
[EventCountry "RUS"]
[SourceTitle "CBM 170 Extra"]
[Source "ChessBase"]
[SourceDate "2016.02.25"]
[SourceVersion "1"]
[SourceVersionDate "2016.02.25"]
[SourceQuality "1"]

1. e4 e5 2. Nf3 Nc6 3. Bb5 a6 4. Ba4 Nf6 5. d3 b5 6. Bb3 Be7 7. a3 d6 8. Be3 0-0 9. 0-0 Bg4 10. Nbd2 Qd7 11. Rc1 d5 12. exd5 Nxd5 13. Qe2 Nxe3 14. Qxe3 Bd6 15. Bd5 Rae8 16. c4 bxc4 17. Nxc4 Bxf3 18. Qxf3 Nd4 19. Qd1 c6 20. Bf3 Bb8 21. Ne3 Qd6 22. g3 f5 23. Nc2 Nxf3+ 24. Qxf3 a5 25. Na1 e4 26. dxe4 fxe4 27. Qc3 Rf6 28. Qxa5 Re5 29. Qc3 Ba7 30. Qb3+ Ree6 31. Rce1 Qd5 32. Re2 Qf5 33. Qb7 Bc5 34. Nb3 Rf7 35. Qa6 Be7 36. Nd4 Qf6 37. Qc8+ Bf8 38. Nxe6 e3 39. Rxe3 Qxb2 40. Nxf8 Rxf8 41. Qe6+ Kh8 42. Qxc6 Qb8 43. a4 Rc8 44. Qb5 Qa8 45. Rfe1 1-0

[Event "Moscow op-B (Women)"]
[Site "Moscow"]
[Date "2016.02.02"]
[Round "4"]
[White "Mamontova, Anastasia"]
[Black "Alekseeva, Nariya"]
[Result "1-0"]
[WhiteElo "1975"]
[BlackElo "1756"]
[PlyCount "103"]
[EventDate "2016.01.30"]
[EventType "swiss"]
[EventRounds "9"]
[EventCountry "RUS"]
[SourceTitle "CBM 170 Extra"]
[Source "ChessBase"]
[SourceDate "2016.02.25"]
[SourceVersion "1"]
[SourceVersionDate "2016.02.25"]
[SourceQuality "1"]

1. e4 e5 2. Nf3 Nc6 3. Bc4 Bc5 4. c3 Nf6 5. d3 d6 6. b4 Bb6 7. Bg5 h6 8. Bh4 Bg4 9. Nbd2 g5 10. Bg3 Nh5 11. Qb3 Qe7 12. h4 Nxg3 13. fxg3 Bxf3 14. gxf3 Nd8 15. a4 a6 16. f4 g4 17. Ke2 exf4 18. gxf4 Ne6 19. Raf1 g3 20. Kf3 Rg8 21. Kg2 Be3 22. Bxe6 fxe6 23. Nc4 Bf2 24. f5 exf5 25. Nxd6+ Kd7 26. Nxf5 Qe6 27. Qxe6+ Kxe6 28. Nxh6 Rg6 29. Nf5 Ke5 30. h5 Rgg8 31. Ne7 Rg7 32. Ng6+ Kf6 33. e5+ Ke6 34. d4 b6 35. Nf4+ Kf5 36. Nd3 Rag8 37. h6 Rh7 38. Nxf2 gxf2+ 39. Kxf2 Rg6 40. Ke3+ Ke6 41. Ke4 Rhxh6 42. d5+ Ke7 43. e6 Rxh1 44. Rxh1 Rg2 45. Rh7+ Ke8 46. Rxc7 Re2+ 47. Kf5 Rf2+ 48. Ke5 Re2+ 49. Kd6 Kd8 50. e7+ Ke8 51. Rc8+ Kf7 52. Rf8+ 1-0